Comer saludable, no tiene porqué ser aburrido! / (Registro nro. 59625)

Detalles MARC
000 -CABECERA
Longitud fija campo de control 01814nam a2200337 c 4500
003 - • IDENTIFICADOR DELl NÚMERO DE CONTROL
Identificador del número de control CO-BoRNBP
005 - • FECHA Y HORA DE LA ÚLTIMA TRANSACCIÓN
Fecha y hora de la última transacción 20251024153034.0
007 - • CAMPO FIJO DE DESCRIPCIÓN FÍSICA
Campo fijo de descripción física ta
008 - • CÓDIGOS DE INFORMACIÓN DE LONGITUD FIJA
Códigos de información de longitud fija 250204s2025 ck a ||gr ||| 00| 0 spa d
020 ## - • NÚMERO INTERNACIONAL NORMALIZADO PARA LIBROS
Número Internacional Normalizado para Libros (ISBN) 9786289674811
040 ## - FUENTE DE LA CATALOGACIÓN
Centro catalogador de origen CO-BoRNBP
Lengua de catalogación spa
Normas de descripción rda
Centro transcriptor CO-BoRNBP
041 0# - • CÓDIGO DE LENGUA
Código de lengua del texto/banda sonora o título independiente spa
082 04 - • NÚMERO DE LA CLASIFICACIÓN DECIMAL DEWEY
Número de clasificación (R) 641.5
Número del ítem A73c
Número de edición 23
100 ## - • PUNTO DE ACCESO PRINCIPAL-NOMBRE DE PERSONA
Nombre de persona Arias Marthe, María Camila
Término indicativo de función aut
245 10 - • TITULO PROPIAMENTE DICHO
Título Comer saludable, no tiene porqué ser aburrido! /
Mención de responsabilidad, etc. Camila Arias.
250 ## - • MENCIÓN DE EDICIÓN
Mención de edición Edición especial
264 #1 - PRODUCCIÓN, PUBLICACIÓN , DISTRIBUCIÓN, FABRICACIÓN Y COPYRIGHT
Lugar de producción, publicación, distribución, fabricación Bogotá, Colombia :
Nombre del productor, editor, distribuidor, fabricante Elite Entretenimiento,
Fecha de de producción, publicación, distribución, fabricación o copyright 2025
300 ## - • DESCRIPCIÓN FÍSICA
Extensión 153 páginas :
Otras características físicas ilustraciones a color
336 ## - TIPO DE CONTENIDO
Término de tipo de contenido texto
Código de tipo de contenido txt
Fuente rdacontent
337 ## - TIPO DE MEDIO
Nombre del tipo de medio sin mediación
Código del tipo de medio n
Fuente rdamedia
338 ## - TIPO DE SOPORTE
Nombre del tipo de soporte volumen
Código del tipo de soporte nc
Fuente rdacarrier
520 ## - • NOTA DE RESUMEN
Resumen, etc, Comer saludable no tiene que ser aburrido más que un recetario, es una invitación a llevar un estilo de vida saludable divertida y balanceada. Consta de 8 secciones, divididas, en su mayoría, en técnicas de pastelería saludable: galletas, tartas, pies, natillas, helados, y paletas, tortas y cupcakes, untables, desayunos postresudos y antojos dulces. Este libro tiene como misión enseñar a las personas a cómo preparar sus postres favoritos, desde la conciencia y el respeto hacia nuestro cuerpo. Así mismo, romper el estigma de que en una alimentación saludable no hay cabida para el postre, no el disfrute. Todo se trata de un balance. En más de 55 recetas podrás comprobar que comer saludable no es quitar alimentos de tu dieta, sino incorporar nuevos
521 ## - • NOTA DE PÚBLICO DESTINATARIO
Nota público destinatario (R ) Recomendado para un público mayor de 18 años
545 ## - DATOS BIOGRÁFICOS O HISTÓRICOS
Datos bigr´ficos o históricos Incluye datos biográficos de la autora
650 07 - • PUNTO DE ACCESO ADICIONAL DE MATERIA - TÉRMINO DE MATERIA
Término de materia o nombre geográfico como elemento inicial Cocina
Fuente del encabezamiento o término lemb
650 07 - • PUNTO DE ACCESO ADICIONAL DE MATERIA - TÉRMINO DE MATERIA
Término de materia o nombre geográfico como elemento inicial Dieta baja en calorías
Fuente del encabezamiento o término lemb
650 07 - • PUNTO DE ACCESO ADICIONAL DE MATERIA - TÉRMINO DE MATERIA
Término de materia o nombre geográfico como elemento inicial Postres
Fuente del encabezamiento o término LEMB
650 07 - • PUNTO DE ACCESO ADICIONAL DE MATERIA - TÉRMINO DE MATERIA
Término de materia o nombre geográfico como elemento inicial Recetarios
Fuente del encabezamiento o término LEMB
942 ## - ENTRADA DE ELEMENTOS AGREGADOS (KOHA)
Fuente de clasificaión o esquema Dewey Decimal Classification
Koha [por defecto] tipo de item LIbro
Existencias
Perdido Fuente de clasificación o esquema Estado Físico No para préstamo Localización permanente Localización actual Localización en estanterías Fecha adquisición Préstamos totales Signatura completa Código de barras Fecha última consulta Número de copia Fecha del precio de reemplazo Tipo de item de Koha Forma de adquisición Fuente de adquisición Calificador de ubicación codificada Número de registro
  Dewey Decimal Classification     Biblioteca Pública Dorado Biblioteca Pública Dorado General 02/20/2026   641.5 A73c DOR03417 02/20/2026 Ej.1 02/20/2026 LIbro Colección General      
  Dewey Decimal Classification     Biblioteca Pública Lejanias Biblioteca Pública Lejanias General 10/24/2025   641.5 A73c LEJ01000 10/24/2025 Ej.1 10/24/2025 LIbro        
  Dewey Decimal Classification     Biblioteca Pública La Macarena Biblioteca Pública La Macarena Literatura 11/05/2025   641.5 A73c LM03630 11/05/2025 Ej.1 11/05/2025 LIbro Colección General      
  Clasificación Local Facetada     Biblioteca Pública Puerto Concordia Biblioteca Pública Puerto Concordia General 02/18/2026   641.5 A73c PCON02131 02/18/2026 Ej.1 02/18/2026 LIbro Colección General      
  Dewey Decimal Classification     Biblioteca Pública Rural El Yarí- vereda Playa Rica La Macarena Biblioteca Pública Rural El Yarí- vereda Playa Rica La Macarena General 10/24/2025   641.5 A73c 9786289674811 11/10/2025 Ej.1 11/10/2025 LIbro Colección General ministerio de cultura 9786289674811  
  Dewey Decimal Classification     Biblioteca Pública Uribe - Reinerio Arenas Biblioteca Pública Uribe - Reinerio Arenas General 02/02/2026   641.5 A73c URI03269 02/02/2026 Ej.1 02/02/2026 LIbro Colección General      
  Dewey Decimal Classification     Biblioteca Pública Vistahermosa Biblioteca Pública Vistahermosa General 11/30/2025   641.5 A73c VIST 0002764 02/24/2026 Ej.1 02/24/2026 LIbro Colección Depósito Legal del Meta DONACION RED DE BIBLIOTECA   641.5









Instituto Departamental de Cultura del Meta - Red Departamental de Bibliotecas Públicas del Meta.